000 01667nam a22001457a 4500
999 _c528706
_d528706
008 250103b ||||| |||| 00| 0 eng d
100 _aMagbadelo, Olushola John
_949699
245 _a Tunji Olaopa, The Unending Quest for Reform: An intellectual memoir
260 _aIndian Journal of Public Administration
300 _a70(4), Dec, 2024: p.930-934
520 _aTunji Olaopa, The Unending Quest for Reform: An Intellectual Memoir (Austin, TX: Pan African University Press, 2023) xxiii +258 pp. ISBN: 978-1-943533-59-6 (Paperback). Many books have been written on Nigeria’s Public Service Reforms, and the subject of the book under review is the author of a good number of those books. The Unending Quest for Reform: An Intellectual Memoir is the autobiography of one of Nigeria’s clear-sighted and cerebral advocates of public sector reforms. According to the author, Professor Tunji Olaopa, a retired Permanent Secretary in Nigeria’s Federal Civil Service, the book was written to satisfy a nudging to document his perspectives on reforms and the several steps taken and encounters he experienced in the pursuit of his passion for the transformation of the country’s public service for the benefit of upcoming generations of public and civil servants. As the most recent of the author’s numerous publications, it is an attempt to draw the curtain on his pro-reform agitations and intellectual exertions over the years on diverse aspects of public sector reforms. – Reproduced https://journals.sagepub.com/doi/full/10.1177/00195561241277240
773 _aIndian Journal of Public Administration
906 _aBOOK REIVEW
942 _cAR